000 00598nam a2200265Ia 4500
005 20260306164624.0
008 008 260114s9999 xx 000 0 eng d
020 _a9780226834672
037 _aEBOOK
040 _aCRL
040 _beng
040 _cCRL
041 _2eng
041 _aeng
084 _qCRL
100 _aSchacht
_91128155
245 0 _aNietzsche Pursued
260 _bChicago Scholarship Online
260 _c2025
650 _aPhilosophy
856 _uhttps://academic.oup.com/book/60162
942 _cEBOOK
999 _c1714775
_d1714775